<The> aim of the use of computers in teaching in the debate "information vs. knowledge"

Guardado en:
Detalles Bibliográficos
Autor principal: Horáková, Galina
Formato: Capítulo de libro
Lenguaje:eslovaco
Materias:
Etiquetas: Agregar Etiqueta
Sin Etiquetas, Sea el primero en etiquetar este registro!

MARC

LEADER 00000nla a2200000 4500
001 0190557
005 20240502073215.3
041 0 |a slo 
044 |a SK 
245 1 0 |a <The> aim of the use of computers in teaching in the debate "information vs. knowledge"  |c Galina Horáková 
500 |a Abstrakt 
610 2 0 |a vyučovanie 
610 2 0 |a počítače 
610 2 0 |a študenti 
100 1 |a Horáková, Galina